| 000 | 00515nam a2200181Ia 4500 | ||
|---|---|---|---|
| 003 | IN-BaIIA | ||
| 008 | 211028s9999 xx 000 0 eng d | ||
| 020 | _a978-81-7223-723-3 | ||
| 040 | _cIIA Library | ||
| 080 |
_a82-31 _bMER |
||
| 100 |
_aMerchant, Ameen _931713 |
||
| 245 | 4 |
_aThe silent raga _cAmeen Merchant |
|
| 260 |
_aNew Delhi _bHarper Collins _c2008 |
||
| 300 | _a452p. | ||
| 650 |
_aLiterature in general _931714 |
||
| 650 |
_aNovels _931715 |
||
| 942 | _cBK | ||
| 999 |
_c16942 _d16942 |
||